00744nac a22002171u 4500010001600000020001500016082001800031090001500049100003400064245006100098260003900159300003000198500001500228500004100243504002900284650004400313700002200357942002000379999001500399952011200414 a 73175715 a039750293100a616.0756bP18 c3309d3309 aPalma, Anthony V. 10aProcedures in clinical chemistryc[by] Anthony V. Palma. aPhiladelphia,bLippincottc[c1971] ax, 109 p.billus.c21 cm. aDonations. aDonations - Bibliotheca Alexandrina. aIncludes bibliographies. 0aClinical chemistryxLaboratory manuals. aPalma, Anthony V. cBBk616.0756P18 c3309d3309 00102ddc4070aMAINbMAINc1STd2007-04-03ePurchasel0o616.0756 PALp000030304r2025-07-15 00:00:00yBB